000 00453nam a2200181Ia 4500
001 20313
005 20260306172757.0
008 260306t2007||||xx |||||||||||||| ||spa||
041 _aESP
082 _a343.1
_bV22
100 _aValladolid Zeta, Víctor, 1966-
_eAUT
245 0 _aIntroducción al derecho constitucional
260 _c2007
300 _axvi, 141 páginas :
_c25 cm.
650 _aGEN
654 _aCDE
942 _cLIB
_dJUS
_fJUS
_2ddc
_n
999 _c20313
_d20313